[Event "EICC 2021"]
[Site "Reykjavik"]
[Date "2021.09.05"]
[Round "11.19"]
[White "Saric, Ivan"]
[Black "Horvath, Dominik"]
[Result "1/2-1/2"]
[WhiteElo "2653"]
[BlackElo "2455"]
[Annotator "ChessBase"]
[PlyCount "88"]
[EventDate "2021.08.26"]
[EventType "swiss"]
[EventCountry "ISL"]
[Tiebreak "Cut1 Buchholz"]
[SourceTitle "playchess.com"]
[Source "ChessBase"]
[SourceQuality "1"]
[TimeControl "40/5400+30:1800+30"]

1. e4 {[%emt 0:00:01]} c5 {[%emt 0:00:17]} 2. Nf3 {[%emt 0:00:03]} Nc6 {
[%emt 0:00:07]} 3. d4 {[%emt 0:00:16]} cxd4 {[%emt 0:00:23]} 4. Nxd4 {[%emt 0:
00:05]} e5 {[%emt 0:00:10]} 5. Nb5 {[%emt 0:00:05]} d6 {[%emt 0:00:04]} 6. N1c3
{[%emt 0:00:04]} a6 {[%emt 0:00:05]} 7. Na3 {[%emt 0:00:02]} Be6 {[%emt 0:00:
06]} 8. Nc4 {[%emt 0:01:29]} Rb8 {[%emt 0:00:04]} 9. g3 {[%emt 0:13:12]} h5 {
[%emt 0:02:51]} 10. h4 {[%emt 0:03:09]} g6 {[%emt 0:11:57]} 11. Bg5 {[%emt 0:
12:01]} f6 {[%emt 0:00:40]} 12. Bd2 {[%emt 0:02:56]} Nge7 {[%emt 0:10:30]} 13.
Ne3 {[%emt 0:03:50]} d5 {[%emt 0:08:03]} 14. exd5 {[%emt 0:00:05]} Nxd5 {
[%emt 0:00:03]} 15. Bg2 {[%emt 0:00:39]} Nxc3 {[%emt 0:03:29]} 16. Bxc3 {
[%emt 0:00:10]} Qxd1+ {[%emt 0:07:49]} 17. Rxd1 {[%emt 0:00:04]} Bc5 {[%emt 0:
00:19]} 18. Nd5 {[%emt 0:01:32]} Kf7 {[%emt 0:05:45]} 19. Nc7 {[%emt 0:16:43]}
Bg4 {[%emt 0:01:43]} 20. Bd5+ {[%emt 0:00:33]} Ke7 {[%emt 0:08:21]} 21. f3 {
[%emt 0:00:48]} Rbc8 {[%emt 0:00:09]} 22. fxg4 {[%emt 0:03:02]} Rxc7 {[%emt 0:
00:21]} 23. g5 {[%emt 0:00:55]} Rf8 {[%emt 0:13:30]} 24. gxf6+ {[%emt 0:12:16]}
Rxf6 {[%emt 0:00:07]} 25. Rf1 {[%emt 0:04:42]} Rxf1+ {[%emt 0:00:29]} 26. Kxf1
{[%emt 0:00:02]} Rd7 {[%emt 0:00:07]} 27. Bf3 {[%emt 0:00:10]} Rxd1+ {[%emt 0:
03:47]} 28. Bxd1 {[%emt 0:00:03]} Bd4 {[%emt 0:00:05]} 29. Bxd4 {[%emt 0:14:18]
} exd4 {[%emt 0:00:21]} 30. Bf3 {[%emt 0:01:02]} Kf6 {[%emt 0:01:03]} 31. Be4 {
[%emt 0:01:41]} g5 {[%emt 0:07:56]} 32. Ke2 {[%emt 0:00:14]} Ke5 {[%emt 0:03:
22]} 33. Bg6 {[%emt 0:00:15]} Ne7 {[%emt 0:01:41]} 34. Bxh5 {[%emt 0:08:46]}
Nf5 {[%emt 0:00:07]} 35. Bf3 {[%emt 0:00:37]} Nxg3+ {[%emt 0:00:06]} 36. Kd3 {
[%emt 0:00:41]} gxh4 {[%emt 0:00:07]} 37. Bxb7 {[%emt 0:00:03]} h3 {[%emt 0:01:
05]} 38. b4 {[%emt 0:00:09]} h2 {[%emt 0:02:39]} 39. a4 {[%emt 0:00:26]} h1=Q {
[%emt 0:00:16]} 40. Bxh1 {[%emt 0:00:04]} Nxh1 {[%emt 0:00:03]} 41. Kc4 {
[%emt 0:30:54]} Ng3 {[%emt 0:37:24]} 42. b5 {[%emt 0:00:00]} axb5+ {[%emt 0:00:
00]} 43. axb5 {[%emt 0:00:00]} Ne4 {[%emt 0:00:00]} 44. b6 {[%emt 0:00:00]} Kd6
{[%emt 0:00:00]} 1/2-1/2

[Event "EICC 2021"]
[Site "Reykjavik"]
[Date "2021.09.05"]
[Round "11.20"]
[White "Druska, Juraj"]
[Black "Bartel, Mateusz"]
[Result "1/2-1/2"]
[WhiteElo "2493"]
[BlackElo "2611"]
[Annotator "ChessBase"]
[PlyCount "76"]
[EventDate "2021.08.26"]
[EventType "swiss"]
[EventCountry "ISL"]
[Tiebreak "Cut1 Buchholz"]
[SourceTitle "playchess.com"]
[Source "ChessBase"]
[SourceQuality "1"]
[TimeControl "40/5400+30:1800+30"]

1. d4 {[%emt 0:00:07]} d5 {[%emt 0:00:29]} 2. c4 {[%emt 0:00:13]} e6 {[%emt 0:
00:06]} 3. Nf3 {[%emt 0:00:25]} Nf6 {[%emt 0:00:17]} 4. g3 {[%emt 0:00:20]}
dxc4 {[%emt 0:03:13]} 5. Bg2 {[%emt 0:00:06]} c6 {[%emt 0:00:03]} 6. Ne5 {
[%emt 0:00:42]} Bb4+ {[%emt 0:00:09]} 7. Bd2 {[%emt 0:00:06]} Be7 {[%emt 0:00:
40]} 8. e3 {[%emt 0:00:07]} b5 {[%emt 0:00:16]} 9. a4 {[%emt 0:00:58]} b4 {
[%emt 0:01:50]} 10. O-O {[%emt 0:01:02]} O-O {[%emt 0:03:20]} 11. Qc2 {[%emt 0:
00:05]} a5 {[%emt 0:06:32]} 12. Rd1 {[%emt 0:03:58]} Ba6 {[%emt 0:07:39]} 13.
Be1 {[%emt 0:07:52]} Ra7 {[%emt 0:05:35]} 14. Nd2 {[%emt 0:04:00]} c5 {[%emt 0:
01:50]} 15. dxc5 {[%emt 0:19:41]} Qc7 {[%emt 0:01:21]} 16. Ndxc4 {[%emt 0:12:
49]} Qxc5 {[%emt 0:00:09]} 17. b3 {[%emt 0:07:07]} Nbd7 {[%emt 0:11:52]} 18.
Qb2 {[%emt 0:17:03]} Bxc4 {[%emt 0:02:14]} 19. Nxc4 {[%emt 0:00:24]} Nd5 {
[%emt 0:00:04]} 20. Rac1 {[%emt 0:03:52]} Bf6 {[%emt 0:00:08]} 21. Qe2 {
[%emt 0:01:03]} Rc8 {[%emt 0:08:33]} 22. e4 {[%emt 0:03:35]} Nc3 {[%emt 0:01:
13]} 23. Bxc3 {[%emt 0:00:03]} Bxc3 {[%emt 0:02:20]} 24. Nd6 {[%emt 0:01:59]}
Rd8 {[%emt 0:00:29]} 25. Nb5 {[%emt 0:00:12]} Raa8 {[%emt 0:00:29]} 26. Nxc3 {
[%emt 0:02:18]} bxc3 {[%emt 0:00:14]} 27. Rd3 {[%emt 0:00:23]} Ne5 {[%emt 0:06:
56]} 28. Rdxc3 {[%emt 0:00:16]} Qd4 {[%emt 0:00:27]} 29. Qe3 {[%emt 0:03:08]}
Qxe3 {[%emt 0:00:29]} 30. Rxe3 {[%emt 0:00:01]} Rd2 {[%emt 0:00:09]} 31. Rec3 {
[%emt 0:02:17]} g5 {[%emt 0:00:09]} 32. R3c2 {[%emt 0:09:27]} Rad8 {[%emt 0:00:
32]} 33. Rxd2 {[%emt 0:00:21]} Rxd2 {[%emt 0:00:07]} 34. Rc5 {[%emt 0:00:08]}
Rd1+ {[%emt 0:02:32]} 35. Bf1 {[%emt 0:00:01]} Nf3+ {[%emt 0:00:32]} 36. Kg2 {
[%emt 0:00:00]} g4 {[%emt 0:00:10]} 37. Rxa5 {[%emt 0:01:00]} Kg7 {[%emt 0:08:
05]} 38. Rc5 {[%emt 0:00:10]} Ne1+ {[%emt 0:05:14]} 1/2-1/2

[Event "EICC 2021"]
[Site "Reykjavik"]
[Date "2021.09.05"]
[Round "11.21"]
[White "Kacharava, Nikolozi"]
[Black "Nguyen, Thai Dai Van"]
[Result "0-1"]
[WhiteElo "2453"]
[BlackElo "2588"]
[Annotator "ChessBase"]
[PlyCount "92"]
[EventDate "2021.08.26"]
[EventType "swiss"]
[EventCountry "ISL"]
[Tiebreak "Cut1 Buchholz"]
[SourceTitle "playchess.com"]
[Source "ChessBase"]
[SourceQuality "1"]
[TimeControl "40/5400+30:1800+30"]

1. e4 {[%emt 0:00:05]} e5 {[%emt 0:04:47]} 2. Nf3 {[%emt 0:00:18]} Nc6 {
[%emt 0:00:22]} 3. d4 {[%emt 0:00:44]} exd4 {[%emt 0:00:13]} 4. Nxd4 {[%emt 0:
00:14]} Nf6 {[%emt 0:00:22]} 5. Nxc6 {[%emt 0:00:41]} bxc6 {[%emt 0:00:06]} 6.
e5 {[%emt 0:00:20]} Qe7 {[%emt 0:00:07]} 7. Qe2 {[%emt 0:00:29]} Nd5 {[%emt 0:
00:09]} 8. h4 {[%emt 0:00:33]} f6 {[%emt 0:02:09]} 9. c4 {[%emt 0:00:22]} Ba6 {
[%emt 0:00:06]} 10. Rh3 {[%emt 0:00:35]} Nb6 {[%emt 0:02:34]} 11. Nd2 {[%emt 0:
00:36]} fxe5 {[%emt 0:00:41]} 12. Re3 {[%emt 0:00:29]} d6 {[%emt 0:00:22]} 13.
g3 {[%emt 0:00:31]} Qd7 {[%emt 0:06:40]} 14. Bg2 {[%emt 0:03:38]} Be7 {[%emt 0:
09:36]} 15. Ra3 {[%emt 0:01:53]} Bc8 {[%emt 0:08:03]} 16. c5 {[%emt 0:03:18]}
Nd5 {[%emt 0:01:38]} 17. Ne4 {[%emt 0:01:00]} O-O {[%emt 0:07:59]} 18. Bd2 {
[%emt 0:05:18]} Nf6 {[%emt 0:06:54]} 19. Ng5 {[%emt 0:08:02]} d5 {[%emt 0:04:
54]} 20. Rc1 {[%emt 0:06:13]} h6 {[%emt 0:03:38]} 21. Nf3 {[%emt 0:14:11]} Ng4
{[%emt 0:01:02]} 22. Bh3 {[%emt 0:17:41]} Qe8 {[%emt 0:02:46]} 23. Be3 {
[%emt 0:06:31]} a5 {[%emt 0:09:11]} 24. Nd2 {[%emt 0:02:54]} Nxe3 {[%emt 0:09:
05]} 25. Bxc8 {[%emt 0:00:09]} Qxc8 {[%emt 0:00:05]} 26. Rxe3 {[%emt 0:00:40]}
Bf6 {[%emt 0:00:18]} 27. f3 {[%emt 0:01:46]} e4 {[%emt 0:03:55]} 28. fxe4 {
[%emt 0:00:35]} Bxb2 {[%emt 0:00:12]} 29. Rc2 {[%emt 0:01:19]} Bd4 {[%emt 0:00:
04]} 30. Rd3 {[%emt 0:02:19]} Rf2 {[%emt 0:01:25]} 31. Qxf2 {[%emt 0:03:51]}
Bxf2+ {[%emt 0:00:06]} 32. Kxf2 {[%emt 0:00:05]} Qg4 {[%emt 0:02:30]} 33. Rf3 {
[%emt 0:03:13]} dxe4 {[%emt 0:00:46]} 34. Rc4 {[%emt 0:00:43]} Qe6 {[%emt 0:00:
07]} 35. Re3 {[%emt 0:01:54]} Rd8 {[%emt 0:00:34]} 36. Rc2 {[%emt 0:00:23]}
Qf5+ {[%emt 0:00:19]} 37. Ke1 {[%emt 0:00:51]} Rd3 {[%emt 0:00:46]} 38. Rc3 {
[%emt 0:00:54]} Rxe3+ {[%emt 0:00:55]} 39. Rxe3 {[%emt 0:00:05]} Qxc5 {[%emt 0:
00:08]} 40. Rxe4 {[%emt 0:00:14]} Qa3 {[%emt 0:00:08]} 41. Rc4 {[%emt 0:31:07]}
Qxa2 {[%emt 0:31:02]} 42. Rxc6 {[%emt 0:00:07]} a4 {[%emt 0:00:06]} 43. Rxc7 {
[%emt 0:00:07]} a3 {[%emt 0:00:18]} 44. Kd1 {[%emt 0:00:46]} Qa1+ {[%emt 0:00:
56]} 45. Rc1 {[%emt 0:00:08]} Qe5 {[%emt 0:00:05]} 46. Kc2 {[%emt 0:00:33]}
Qb2+ {[%emt 0:00:12]} 0-1

[Event "EICC 2021"]
[Site "Reykjavik"]
[Date "2021.09.05"]
[Round "11.22"]
[White "Can, Emre"]
[Black "Grigorian, Spartak"]
[Result "1-0"]
[WhiteElo "2569"]
[BlackElo "2448"]
[Annotator "ChessBase"]
[PlyCount "47"]
[EventDate "2021.08.26"]
[EventType "swiss"]
[EventCountry "ISL"]
[Tiebreak "Cut1 Buchholz"]
[SourceTitle "playchess.com"]
[Source "ChessBase"]
[SourceQuality "1"]
[TimeControl "40/5400+30:1800+30"]

1. d4 {[%emt 0:00:05]} Nf6 {[%emt 0:00:40]} 2. c4 {[%emt 0:00:17]} e6 {[%emt 0:
01:03]} 3. Nf3 {[%emt 0:00:14]} d5 {[%emt 0:00:04]} 4. g3 {[%emt 0:00:29]} dxc4
{[%emt 0:00:21]} 5. Bg2 {[%emt 0:00:21]} c5 {[%emt 0:01:39]} 6. Qa4+ {[%emt 0:
01:15]} Nc6 {[%emt 0:03:51]} 7. Ne5 {[%emt 0:03:04]} Bd7 {[%emt 0:03:22]} 8.
Nxc6 {[%emt 0:01:09]} Qb6 {[%emt 0:01:52]} 9. Nd2 {[%emt 0:00:18]} Bxc6 {
[%emt 0:03:01]} 10. Bxc6+ {[%emt 0:01:42]} bxc6 {[%emt 0:01:25]} 11. dxc5 {
[%emt 0:02:02]} Bxc5 {[%emt 0:00:46]} 12. O-O {[%emt 0:01:19]} Qb5 {[%emt 0:27:
15]} 13. Qxc4 {[%emt 0:04:30]} h5 {[%emt 0:00:20]} 14. Qc2 {[%emt 0:10:18]} h4
{[%emt 0:11:43]} 15. a4 {[%emt 0:01:25]} Qb4 {[%emt 0:00:12]} 16. Nc4 {[%emt 0:
01:32]} hxg3 {[%emt 0:01:28]} 17. hxg3 {[%emt 0:00:41]} Bxf2+ {[%emt 0:21:02]}
18. Kxf2 {[%emt 0:01:25]} Ng4+ {[%emt 0:00:04]} 19. Kg1 {[%emt 0:02:41]} Rh3 {
[%emt 0:07:08]} 20. Bf4 {[%emt 0:08:09]} g5 {[%emt 0:02:44]} 21. Bd6 {[%emt 0:
10:03]} O-O-O {[%emt 0:00:40]} 22. Qe4 {[%emt 0:00:35]} Qb7 {[%emt 0:09:51]}
23. Rf3 {[%emt 0:02:04]} f5 24. Rxf5 {[%emt 0:00:30]} 1-0

[Event "EICC 2021"]
[Site "Reykjavik"]
[Date "2021.09.05"]
[Round "11.23"]
[White "Sebenik, Matej"]
[Black "Suleymanli, Aydin"]
[Result "1-0"]
[WhiteElo "2492"]
[BlackElo "2536"]
[Annotator "ChessBase"]
[PlyCount "77"]
[EventDate "2021.08.26"]
[EventType "swiss"]
[EventCountry "ISL"]
[Tiebreak "Cut1 Buchholz"]
[SourceTitle "playchess.com"]
[Source "ChessBase"]
[SourceQuality "1"]
[TimeControl "40/5400+30:1800+30"]

1. Nf3 {[%emt 0:00:08]} d5 {[%emt 0:00:10]} 2. d4 {[%emt 0:00:11]} Nf6 {
[%emt 0:00:11]} 3. c4 {[%emt 0:00:14]} e6 {[%emt 0:00:06]} 4. g3 {[%emt 0:00:
13]} dxc4 {[%emt 0:02:23]} 5. Bg2 {[%emt 0:00:05]} Bb4+ {[%emt 0:01:35]} 6. Bd2
{[%emt 0:00:22]} a5 {[%emt 0:00:59]} 7. Qc2 {[%emt 0:06:09]} Bxd2+ {[%emt 0:01:
02]} 8. Qxd2 {[%emt 0:00:06]} c6 {[%emt 0:05:27]} 9. a4 {[%emt 0:00:05]} Ne4 {
[%emt 0:00:51]} 10. Qc1 {[%emt 0:00:05]} Nd6 {[%emt 0:01:08]} 11. Ne5 {[%emt 0:
02:49]} Na6 {[%emt 0:00:53]} 12. Nd2 {[%emt 0:02:07]} Nb4 {[%emt 0:00:20]} 13.
O-O {[%emt 0:00:15]} O-O {[%emt 0:03:05]} 14. Ndxc4 {[%emt 0:00:25]} Nf5 {
[%emt 0:01:25]} 15. Rd1 {[%emt 0:14:28]} f6 {[%emt 0:02:06]} 16. Nf3 {[%emt 0:
17:17]} b6 {[%emt 0:08:19]} 17. e4 {[%emt 0:04:49]} Ne7 {[%emt 0:01:37]} 18.
Qc3 {[%emt 0:03:04]} Kh8 {[%emt 0:02:14]} 19. Qb3 {[%emt 0:00:21]} Ra7 {
[%emt 0:02:16]} 20. Rd2 {[%emt 0:02:07]} f5 {[%emt 0:08:42]} 21. Re1 {[%emt 0:
01:29]} fxe4 {[%emt 0:03:51]} 22. Rxe4 {[%emt 0:00:07]} Nf5 {[%emt 0:01:09]}
23. Nfe5 {[%emt 0:10:06]} Ba6 {[%emt 0:01:42]} 24. Ne3 {[%emt 0:01:25]} c5 {
[%emt 0:08:08]} 25. Nxf5 {[%emt 0:27:10]} exf5 {[%emt 0:00:31]} 26. Ng6+ {
[%emt 0:01:42]} hxg6 {[%emt 0:00:06]} 27. Rh4+ {[%emt 0:00:01]} Qxh4 {[%emt 0:
00:07]} 28. gxh4 {[%emt 0:00:02]} Rd7 {[%emt 0:05:00]} 29. Qe6 {[%emt 0:01:03]}
Rxd4 {[%emt 0:00:11]} 30. Rxd4 {[%emt 0:00:04]} cxd4 {[%emt 0:00:09]} 31. Qxb6
{[%emt 0:04:40]} d3 {[%emt 0:13:14]} 32. Qxa5 {[%emt 0:00:05]} Rc8 {[%emt 0:04:
59]} 33. Bf3 {[%emt 0:01:56]} Rc4 {[%emt 0:01:39]} 34. h5 {[%emt 0:00:00]} gxh5
{[%emt 0:01:29]} 35. Qxf5 {[%emt 0:00:00]} Kg8 {[%emt 0:03:23]} 36. Qxh5 {
[%emt 0:01:26]} Rf4 {[%emt 0:00:47]} 37. Qe8+ {[%emt 0:00:48]} Rf8 {[%emt 0:00:
07]} 38. Qe6+ {[%emt 0:00:03]} Kh8 {[%emt 0:00:09]} 39. Be4 {[%emt 0:00:45]}
1-0

[Event "EICC 2021"]
[Site "Reykjavik"]
[Date "2021.09.05"]
[Round "11.24"]
[White "Gretarsson, Helgi Ass"]
[Black "Plat, Vojtech"]
[Result "1-0"]
[WhiteElo "2447"]
[BlackElo "2531"]
[Annotator "ChessBase"]
[PlyCount "95"]
[EventDate "2021.08.26"]
[EventType "swiss"]
[EventCountry "ISL"]
[Tiebreak "Cut1 Buchholz"]
[SourceTitle "playchess.com"]
[Source "ChessBase"]
[SourceQuality "1"]
[TimeControl "40/5400+30:1800+30"]

1. d4 {[%emt 0:00:03]} d5 {[%emt 0:00:08]} 2. c4 {[%emt 0:00:06]} Nc6 {[%emt 0:
00:07]} 3. Nf3 {[%emt 0:00:31]} Bg4 {[%emt 0:00:06]} 4. Nc3 {[%emt 0:00:07]}
Bxf3 {[%emt 0:01:09]} 5. gxf3 {[%emt 0:00:16]} dxc4 {[%emt 0:05:01]} 6. d5 {
[%emt 0:01:58]} Ne5 {[%emt 0:00:04]} 7. Qd4 {[%emt 0:01:01]} Nd7 {[%emt 0:00:
27]} 8. Qxc4 {[%emt 0:01:23]} Nb6 {[%emt 0:00:05]} 9. Qb3 {[%emt 0:00:13]} g6 {
[%emt 0:01:30]} 10. e4 {[%emt 0:00:28]} Bg7 {[%emt 0:03:44]} 11. Bb5+ {[%emt 0:
02:01]} Kf8 {[%emt 0:00:03]} 12. Be3 {[%emt 0:00:34]} Nf6 {[%emt 0:00:17]} 13.
a4 {[%emt 0:20:29]} Nbd7 {[%emt 0:01:23]} 14. Be2 {[%emt 0:03:53]} b6 {[%emt 0:
00:54]} 15. f4 {[%emt 0:02:53]} Nc5 {[%emt 0:00:05]} 16. Qc2 {[%emt 0:00:47]}
Qd7 {[%emt 0:03:43]} 17. O-O-O {[%emt 0:05:03]} Ng4 {[%emt 0:01:52]} 18. Bxc5 {
[%emt 0:14:41]} bxc5 {[%emt 0:00:04]} 19. h3 {[%emt 0:00:18]} Nh6 {[%emt 0:01:
21]} 20. Bb5 {[%emt 0:00:34]} Qc8 {[%emt 0:01:22]} 21. Ne2 {[%emt 0:07:24]} Rb8
{[%emt 0:00:38]} 22. b3 {[%emt 0:11:59]} a6 {[%emt 0:00:43]} 23. Bc4 {[%emt 0:
00:17]} Qb7 {[%emt 0:00:53]} 24. Kb1 {[%emt 0:00:58]} Qb6 {[%emt 0:04:09]} 25.
Ka2 {[%emt 0:00:12]} Qf6 {[%emt 0:01:37]} 26. e5 {[%emt 0:02:54]} Qb6 {[%emt 0:
00:08]} 27. Ng3 {[%emt 0:02:07]} Rg8 {[%emt 0:00:40]} 28. Rhe1 {[%emt 0:01:44]}
Qa5 {[%emt 0:01:11]} 29. Qd3 {[%emt 0:06:12]} Rb4 {[%emt 0:00:16]} 30. Rc1 {
[%emt 0:00:29]} Bh8 {[%emt 0:00:59]} 31. Re2 {[%emt 0:02:48]} Kg7 {[%emt 0:01:
15]} 32. f5 {[%emt 0:04:23]} Rgb8 {[%emt 0:02:02]} 33. f4 {[%emt 0:00:26]} gxf5
{[%emt 0:01:35]} 34. Ka1 {[%emt 0:01:15]} R4b6 {[%emt 0:01:49]} 35. d6 {
[%emt 0:03:12]} cxd6 {[%emt 0:12:25]} 36. Nxf5+ {[%emt 0:00:39]} Nxf5 {[%emt 0:
00:12]} 37. Qxf5 {[%emt 0:00:01]} dxe5 {[%emt 0:01:12]} 38. Qxf7+ {[%emt 0:00:
25]} Kh6 {[%emt 0:00:02]} 39. fxe5 {[%emt 0:00:40]} Rg6 {[%emt 0:00:09]} 40.
Qf4+ {[%emt 0:00:23]} Kg7 {[%emt 0:00:01]} 41. Qf7+ {[%emt 0:30:08]} Kh6 {
[%emt 0:30:03]} 42. Qxe7 {[%emt 0:00:00]} Qd8 {[%emt 0:00:00]} 43. Qxc5 {
[%emt 0:00:00]} Qg5 {[%emt 0:00:00]} 44. Rce1 {[%emt 0:00:00]} Qh4 {[%emt 0:00:
00]} 45. Ka2 {[%emt 0:00:00]} Rd8 {[%emt 0:00:00]} 46. Qe3+ {[%emt 0:00:00]}
Kg7 {[%emt 0:00:00]} 47. Bd3 {[%emt 0:00:00]} Rg3 {[%emt 0:00:00]} 48. Qa7+ {
[%emt 0:00:00]} 1-0

[Event "EICC 2021"]
[Site "Reykjavik"]
[Date "2021.09.05"]
[Round "11.25"]
[White "Vogel, Roven"]
[Black "Ferreira, Jorge Viterbo"]
[Result "1/2-1/2"]
[WhiteElo "2441"]
[BlackElo "2520"]
[Annotator "ChessBase"]
[PlyCount "85"]
[EventDate "2021.08.26"]
[EventType "swiss"]
[EventCountry "ISL"]
[Tiebreak "Cut1 Buchholz"]
[SourceTitle "playchess.com"]
[Source "ChessBase"]
[SourceQuality "1"]
[TimeControl "40/5400+30:1800+30"]

1. d4 {[%emt 0:00:50]} Nf6 {[%emt 0:00:10]} 2. c4 {[%emt 0:00:07]} e6 {[%emt 0:
00:07]} 3. Nc3 {[%emt 0:00:05]} Bb4 {[%emt 0:00:13]} 4. e3 {[%emt 0:00:59]} b6
{[%emt 0:00:27]} 5. Bd3 {[%emt 0:01:26]} Bb7 {[%emt 0:00:17]} 6. Nge2 {[%emt 0:
00:08]} Bxg2 {[%emt 0:01:43]} 7. Rg1 {[%emt 0:00:38]} Bf3 {[%emt 0:00:34]} 8.
Qc2 {[%emt 0:00:28]} Nc6 {[%emt 0:05:02]} 9. Rg3 {[%emt 0:16:19]} Bxe2 {
[%emt 0:16:24]} 10. Qxe2 {[%emt 0:04:04]} g6 {[%emt 0:08:51]} 11. Bd2 {[%emt 0:
00:52]} Nh5 {[%emt 0:04:43]} 12. Rg2 {[%emt 0:00:57]} Qh4 {[%emt 0:05:22]} 13.
O-O-O {[%emt 0:01:10]} O-O-O {[%emt 0:00:51]} 14. Kb1 {[%emt 0:08:45]} Kb8 {
[%emt 0:12:30]} 15. a3 {[%emt 0:08:09]} Bxc3 {[%emt 0:03:48]} 16. Bxc3 {
[%emt 0:00:08]} Ne7 {[%emt 0:03:01]} 17. Rc1 {[%emt 0:15:46]} f5 {[%emt 0:04:
44]} 18. f3 {[%emt 0:01:28]} Rhe8 {[%emt 0:04:46]} 19. a4 {[%emt 0:03:26]} c5 {
[%emt 0:02:11]} 20. Be1 {[%emt 0:06:13]} Qf6 {[%emt 0:00:59]} 21. dxc5 {
[%emt 0:06:44]} bxc5 {[%emt 0:01:55]} 22. Bc3 {[%emt 0:00:32]} e5 {[%emt 0:07:
37]} 23. a5 {[%emt 0:02:20]} Nc6 {[%emt 0:00:52]} 24. Qd1 {[%emt 0:04:50]} Qd6
{[%emt 0:01:49]} 25. Rd2 {[%emt 0:01:23]} Qc7 {[%emt 0:00:10]} 26. Qa4 {
[%emt 0:00:51]} Ka8 {[%emt 0:01:56]} 27. Rcd1 {[%emt 0:00:12]} d6 {[%emt 0:00:
37]} 28. Bf1 {[%emt 0:06:12]} Re6 {[%emt 0:00:44]} 29. f4 {[%emt 0:01:52]} e4 {
[%emt 0:01:27]} 30. Be2 {[%emt 0:01:17]} Nf6 {[%emt 0:00:21]} 31. h3 {[%emt 0:
00:06]} Rb8 {[%emt 0:00:18]} 32. Rg1 {[%emt 0:02:07]} Ng8 {[%emt 0:00:43]} 33.
Qa3 {[%emt 0:01:26]} Nge7 {[%emt 0:01:25]} 34. Qa4 {[%emt 0:00:05]} Nb4 {
[%emt 0:01:02]} 35. Bxb4 {[%emt 0:01:03]} Rxb4 {[%emt 0:03:34]} 36. Qe8+ {
[%emt 0:00:06]} Qc8 {[%emt 0:01:10]} 37. Qf7 {[%emt 0:00:05]} h5 {[%emt 0:00:
40]} 38. Rgd1 {[%emt 0:01:15]} Qd7 {[%emt 0:00:41]} 39. Rd5 {[%emt 0:01:02]}
Qb7 {[%emt 0:02:53]} 40. R5d2 {[%emt 0:01:16]} Qd7 {[%emt 0:00:49]} 41. Rd5 {
[%emt 0:05:41]} Qb7 {[%emt 0:02:02]} 42. R5d2 {[%emt 0:00:41]} Qd7 {[%emt 0:01:
48]} 43. Rd5 {[%emt 0:00:31]} 1/2-1/2

[Event "EICC 2021"]
[Site "Reykjavik"]
[Date "2021.09.05"]
[Round "11.26"]
[White "Nagy, Gabor"]
[Black "Mazur, Stefan"]
[Result "1-0"]
[WhiteElo "2518"]
[BlackElo "2416"]
[Annotator "ChessBase"]
[PlyCount "103"]
[EventDate "2021.08.26"]
[EventType "swiss"]
[EventCountry "ISL"]
[Tiebreak "Cut1 Buchholz"]
[SourceTitle "playchess.com"]
[Source "ChessBase"]
[SourceQuality "1"]
[TimeControl "40/5400+30:1800+30"]

1. d4 {[%emt 0:00:04]} Nf6 {[%emt 0:03:26]} 2. c4 {[%emt 0:00:14]} g6 {[%emt 0:
00:15]} 3. Nc3 {[%emt 0:00:15]} Bg7 {[%emt 0:00:07]} 4. Nf3 {[%emt 0:00:15]}
O-O {[%emt 0:01:09]} 5. Bg5 {[%emt 0:00:15]} b6 {[%emt 0:02:23]} 6. e4 {
[%emt 0:01:03]} Bb7 {[%emt 0:00:52]} 7. Bd3 {[%emt 0:00:26]} d6 {[%emt 0:01:27]
} 8. Qd2 {[%emt 0:04:46]} Nbd7 {[%emt 0:06:32]} 9. O-O {[%emt 0:01:03]} c5 {
[%emt 0:05:14]} 10. d5 {[%emt 0:01:33]} a6 {[%emt 0:02:50]} 11. a4 {[%emt 0:00:
48]} e5 {[%emt 0:02:08]} 12. dxe6 {[%emt 0:01:07]} fxe6 {[%emt 0:00:21]} 13.
Rad1 {[%emt 0:01:53]} Ne5 {[%emt 0:08:00]} 14. Bb1 {[%emt 0:13:48]} Nf7 {
[%emt 0:23:30]} 15. Bf4 {[%emt 0:04:11]} Nh5 {[%emt 0:03:31]} 16. Be3 {[%emt 0:
07:07]} Qe7 {[%emt 0:08:37]} 17. Ng5 {[%emt 0:01:39]} Rad8 {[%emt 0:07:58]} 18.
Nxf7 {[%emt 0:01:44]} Qxf7 {[%emt 0:00:19]} 19. f4 {[%emt 0:01:18]} Bxc3 {
[%emt 0:02:49]} 20. bxc3 {[%emt 0:01:52]} Bc6 {[%emt 0:02:37]} 21. f5 {[%emt 0:
01:47]} e5 {[%emt 0:04:58]} 22. Bh6 {[%emt 0:04:50]} Rfe8 {[%emt 0:00:19]} 23.
fxg6 {[%emt 0:01:11]} Qxg6 {[%emt 0:00:10]} 24. Rf5 {[%emt 0:00:07]} Kh8 {
[%emt 0:07:20]} 25. Rg5 {[%emt 0:00:32]} Qxh6 {[%emt 0:03:05]} 26. Rg8+ {
[%emt 0:00:10]} Kxg8 {[%emt 0:00:11]} 27. Qxh6 {[%emt 0:00:06]} Nf4 {[%emt 0:
00:04]} 28. Rxd6 {[%emt 0:01:23]} Rxd6 {[%emt 0:00:24]} 29. Qxd6 {[%emt 0:00:
05]} Re6 {[%emt 0:00:04]} 30. Qd8+ {[%emt 0:00:15]} Kf7 {[%emt 0:01:18]} 31.
Bc2 {[%emt 0:03:37]} Rf6 {[%emt 0:00:14]} 32. g3 {[%emt 0:02:18]} Nh3+ {
[%emt 0:00:53]} 33. Kg2 {[%emt 0:00:35]} Nf2 {[%emt 0:00:38]} 34. Qc7+ {
[%emt 0:03:21]} Kg6 {[%emt 0:00:10]} 35. Qc8 {[%emt 0:00:33]} h5 {[%emt 0:01:
26]} 36. h3 {[%emt 0:00:56]} a5 {[%emt 0:02:27]} 37. g4 {[%emt 0:01:21]} hxg4 {
[%emt 0:00:16]} 38. hxg4 {[%emt 0:00:15]} Bxe4+ {[%emt 0:00:37]} 39. Bxe4+ {
[%emt 0:00:07]} Nxe4 {[%emt 0:00:06]} 40. Qe8+ {[%emt 0:00:44]} Rf7 {[%emt 0:
01:03]} 41. Qxe5 {[%emt 0:31:35]} Rf2+ {[%emt 0:05:59]} 42. Kg1 {[%emt 0:00:00]
} Nf6 {[%emt 0:00:08]} 43. Qd6 {[%emt 0:00:00]} Kg5 {[%emt 0:01:57]} 44. Qxb6 {
[%emt 0:00:00]} Ne4 {[%emt 0:01:25]} 45. Qxa5 {[%emt 0:00:00]} Kxg4 {[%emt 0:
05:51]} 46. Qd8 {[%emt 0:00:00]} Re2 {[%emt 0:06:37]} 47. Qd1 {[%emt 0:00:00]}
Ng3 {[%emt 0:03:27]} 48. a5 {[%emt 0:00:00]} Kf4 {[%emt 0:00:37]} 49. Qd6+ {
[%emt 0:00:00]} Kf3 {[%emt 0:00:30]} 50. Qd5+ {[%emt 0:00:00]} Ne4 {[%emt 0:03:
00]} 51. Qd3+ {[%emt 0:00:00]} Re3 {[%emt 0:00:05]} 52. Qxe3+ {[%emt 0:00:00]}
1-0